Central Library OPAC University of Rajshahi

Screening of Aspergilli from Sellulosic Waste Materials and Studies on their Cellulolytic Properties / (Record no. 83752)

MARC details
000 -LEADER
fixed length control field 00991nam a2200253 a 4500
001 - CONTROL NUMBER
RUCL Control Number 83752
003 - CONTROL NUMBER IDENTIFIER
rucl marc code BD-RjUL
005 - DATE AND TIME OF LATEST TRANSACTION
control field 20240515124446.0
008 - FIXED-LENGTH DATA ELEMENTS--GENERAL INFORMATION
fixed length control field 240515s2005 bg a|||| m||| 00| 0 eng d
035 ## - SYSTEM CONTROL NUMBER
system control number (BD-RjUL)83752
040 ## - CATALOGING SOURCE
Original cataloging agency BD-RjUL
Language of cataloging eng
Transcribing agency BD-RjUL
Modifying agency BD-RjUL
041 ## - LANGUAGE CODE
Language code of Book eng
082 ## - DEWEY DECIMAL CLASSIFICATION NUMBER
DDC Edition number 23
Classification number 589.2
Author mark and Year BES 2005
100 ## - MAIN ENTRY--PERSONAL NAME
Personal name Begum, Most. Ferdousi
245 10 - TITLE STATEMENT
Title Screening of Aspergilli from Sellulosic Waste Materials and Studies on their Cellulolytic Properties /
Statement of responsibility, etc Most. Ferdousi Begum ;
Name of Supervisor/Co-Supervisor Supervisor : M Shah Alam, Co-Supervisor : Nurul Absur
260 ## - PUBLICATION, DISTRIBUTION, ETC. (IMPRINT)
Place of publication, distribution, etc Rajshahi :
Name of publisher, distributor, etc Department of Botany, University of Rajshahi,
Date of publication, distribution, etc 2005
300 ## - PHYSICAL DESCRIPTION
Pagination [15], 252 Leaves :
Other physical details ill, ;
Dimensions 29 cm.
502 ## - DISSERTATION NOTE
Dissertation note Thesisi (Ph. D.) -- Department of Botany, University of Rajshahi, 2005
504 ## - BIBLIOGRAPHY, ETC. NOTE
Bibliography, etc References : Leaves [229]-252
650 ## - SUBJECT ADDED ENTRY--TOPICAL TERM
Topical term or geographic name as entry element Sellulosic
Form subdivision Waste Materials
9 (RLIN) 13023
700 ## - ADDED ENTRY--SUPERVISOR/CO-SUPERVISOR NAME
Personal name Alam, M. Shahidul, Supervisor
9 (RLIN) 5797
Personal name Absur, Nurul, Co-Supervisor
9 (RLIN) 13024
942 ## - ADDED ENTRY ELEMENTS (KOHA)
Source of classification or shelving scheme Dewey Decimal Classification
Koha item type Theses
Holdings
Source of classification or shelving scheme Damaged status Not for loan Collection code Permanent Location Current Location Shelving location Date of accession Source of acquisition Total Checkouts Full call number Barcode Date last seen Copy number Thesis
Dewey Decimal Classification   Not For Loan Theses Central Library, University of Rajshahi Central Library, University of Rajshahi Documentation Section 27/05/2006 Controller of Exam. R. U.   THE 589.2 BES 2005 D2528 15/05/2024 C-I Theses